000 00202nam a22000857a 4500
008 170623b xxu||||| |||| 00| 0 eng d
100 _93645
_aSiddig M. N
245 _aGeneral Science - 2
260 _aNew Delhi
999 _c7040
_d7040